000 00898nam a2200301Ia 4500
001 Para_6474
003 CHAP
005 20240411135847.0
008 220125s1967 xx 000 0 und d
010 _a205332
040 _cCHAP
082 _aPA 621.4837 R33
245 _aRadioisotopes and ionizing radiations in entomology /
_c by International Atomic Agency
260 _aViena :
_b La Agencia
300 _a454 p.
440 _aBibliographical series; 24
_9171355
500 _aLa biblioteca tiene: v.1, v.3, v.4
650 _aEntomología
_937113
650 _aRadioisotopos
_993701
650 _aRadioisótopos en agricultura
_9171356
710 _aInternational Atomic Agency
_9171357
901 _aPA 621.4837 R33
902 _aA
905 _a0000001967 0000000000 00
910 _a1967
942 _cPARA
_2ddc
942 _cPARA
_2ddc
999 _c205332
_d205332